The present state of the tenancy of land in Great Britain (Record no. 113987)

MARC details
000 -LEADER
fixed length control field 00858cam a22001935a 4500
001 - CONTROL NUMBER
control field L156023
008 - FIXED-LENGTH DATA ELEMENTS--GENERAL INFORMATION
fixed length control field 120425s1828 xxk f 000 0 eng d
035 ## - SYSTEM CONTROL NUMBER
System control number (Sirsi) u156023
041 0# - LANGUAGE CODE
Language code of text/sound track or separate title eng
100 1# - MAIN ENTRY--PERSONAL NAME
Personal name Kennedy, L.
Fuller form of name (Lewis)
245 04 - TITLE STATEMENT
Title The present state of the tenancy of land in Great Britain
Remainder of title showing the principal customs and practices between incoming and outgoing tenants; and the most usual method under which land is now held in the several counties
Statement of responsibility, etc. collected from a survey made in the years 1827 and 1828, by the authors, L. Kennedy and T.B. Grainger
260 ## - PUBLICATION, DISTRIBUTION, ETC.
Place of publication, distribution, etc. London
Name of publisher, distributor, etc. published by J. Ridgway
Date of publication, distribution, etc. 1828
300 ## - PHYSICAL DESCRIPTION
Extent xii, 384 p.
Other physical details fold. frontis.
Dimensions 23 cm.
583 ## - ACTION NOTE
Action Condition reviewed
Time/date of action 20120620
Status condition level 4
651 #4 - SUBJECT ADDED ENTRY--GEOGRAPHIC NAME
Geographic name Great Britain
Chronological subdivision 1707-
690 ## - LOCAL SUBJECT ADDED ENTRY--TOPICAL TERM (OCLC, RLIN)
Topical term or geographic name as entry element Landlord and tenant
9 (RLIN) 6252
700 1# - ADDED ENTRY--PERSONAL NAME
Personal name Grainger, T. B.
942 ## - ADDED ENTRY ELEMENTS (KOHA)
Suppress in OPAC 0
Holdings
Withdrawn status Lost status Damaged status Not for loan Home library Current library Shelving location Date acquired Total Checkouts Full call number Barcode Date last seen Copy number Price effective from Koha item type
        Historic collection Historic collection Historic collection 25/04/2012   LANDOWNING & ESTATE MANAGEMENT QUARTO 1828 KENNEDY 30077890 06/08/2019 1 06/08/2019 Book